Star Wars: The Mandalorian Season 1 Trivia - Statistics

General Stats
  • This quiz has been taken 107 times
    103 since last reset
  • The average score is 14 of 30
Answer Stats
Hint Answer % Correct
Who plays the title character? Pedro Pascal
91%
Who was the assassin droid voiced by Taika Waititi? IG-11
79%
What is the name of the Mandalorian's ship? The Razor Crest
79%
What is that character's catch phrase? I have spoken
75%
What is the often recited phrase that Mandalorians repeat when speaking of their creed? This is the way.
73%
What is the name of the character that helps him learn to ride that animal? Kuiil
71%
Who was the asset the Mandalorian was sent to retrieve by Imperial holdouts? The Child
71%
Who is the creator and show runner for The Mandalorian? Jon Favreau
70%
Who was the rebel drop ship trooper the Mandalorian encounters on the planet Sorgan? Carasynthia Dune
61%
Who is the leader of the Bounty Hunter Guild on the planet Nevarro? Greef Karga
55%
What alien race is that character? Ugnaught
53%
In what Star Wars film do we first encounter that alien race? Empire Strikes Back
52%
Who was the former Imperial ISB officer and Moff who arrived in Nevarro to retrieve the asset personally? Moff Gideon
52%
What two-legged beast of burden does the Mandalorian learn to ride in chapter one? Blurrg
49%
What minority group is now allowed in the Mos Eisley cantina, despite being banned in the time of A New Hope? Droids
44%
What Star Wars creator who was the show runner for Clone Wars and Rebels cameoed as X-wing pilot Trapper Wolf? Dave Filoni
43%
In the beginning of the first episode, the Mandalorian's captive was sad that he would miss what holiday? Life Day
43%
What became the Mandalorian's signet? mudhorn
42%
Who was the human leader of that group of outlaws? Migs Mayfeld
38%
What main character is killed by biker scouts at the end of the penultimate episode of season one? Kuiil
35%
Both that holiday, as well as the two prong weapon that the Mandalorian wields are homages to what early Star Wars show? The Holiday Special
35%
Who played that character (with a space Boston accent)? Bill Burr
34%
Who plays that character? Carl Weathers
32%
Who plays that character? Gina Carano
29%
What actor played this character? Giancarlo Esposito
27%
Who plays the character only known as "the client?" Werner Herzog
23%
The Mandalorian teamed up with a group of outlaws to break someone out of a Republic prison ship. What was the name of the Twi'lek member of that team?T Xi'an
23%
Who plays the Mos Eisley Docking Bay supervisor, Peli Motto? Amy Sedaris
10%
Stylistically, the soundtrack, settings, themes, and end credit artwork of The Mandalorian are all supposed to evoke the imagery of what late sixties film genre that inspired George Lucas? Spaghetti Western
8%
What Japanese manga was the inspiration for the relationship between the Mandalorian and the asset? Lone Wolf and Cub
1%
No matching quizzes found
Score Distribution
Percent of People with Each Score
Percentile by Number Answered
Your Score History
You have not taken this quiz since the last reset